000 00302nam a22001337a 4500
008 190305b xxu||||| |||| 00| 0 eng d
020 _a9780814144831
041 _aeng
080 _a371
100 _a46
101 _aEDU
245 _aSmall Groups in Writing Workshops
_cBrooke,R
942 _2udc
_cBK
999 _c54492
_d54492